<?xml version="1.0" encoding="UTF-8"?>
<collection xmlns="http://www.loc.gov/MARC21/slim">
 <record>
  <leader>02845nam a2200385 a 4500</leader>
  <controlfield tag="001">1/44627</controlfield>
  <controlfield tag="008">140623s2003    us            001 0 eng  </controlfield>
  <datafield tag="020" ind1=" " ind2=" ">
   <subfield code="a">9780080527987 (electronic bk.)</subfield>
  </datafield>
  <datafield tag="020" ind1=" " ind2=" ">
   <subfield code="a">0080527981 (electronic bk.)</subfield>
  </datafield>
  <datafield tag="020" ind1=" " ind2=" ">
   <subfield code="a">9781558608290</subfield>
  </datafield>
  <datafield tag="020" ind1=" " ind2=" ">
   <subfield code="a">155860829X (Trade Cloth)</subfield>
  </datafield>
  <datafield tag="035" ind1=" " ind2=" ">
   <subfield code="l">47581</subfield>
  </datafield>
  <datafield tag="040" ind1=" " ind2=" ">
   <subfield code="a">N$T</subfield>
   <subfield code="b">eng</subfield>
   <subfield code="c">N$T</subfield>
   <subfield code="d">YDXCP</subfield>
   <subfield code="d">CDX</subfield>
   <subfield code="d">OCLCQ</subfield>
   <subfield code="d">IDEBK</subfield>
   <subfield code="d">ZCU</subfield>
   <subfield code="d">E7B</subfield>
   <subfield code="d">OCLCQ</subfield>
   <subfield code="d">MERUC</subfield>
   <subfield code="d">OCLCQ</subfield>
   <subfield code="d">OPELS</subfield>
   <subfield code="d">OKU</subfield>
   <subfield code="d">OCLCO</subfield>
   <subfield code="d">UMI</subfield>
   <subfield code="d">DEBSZ</subfield>
   <subfield code="d">GR-PeUP</subfield>
  </datafield>
  <datafield tag="245" ind1="0" ind2="0">
   <subfield code="a">Bioinformatics</subfield>
   <subfield code="h">[electronic resource] :</subfield>
   <subfield code="b">managing scientific data /</subfield>
   <subfield code="c">edited by Zoe Lacroix and Terence Critchlow.</subfield>
  </datafield>
  <datafield tag="260" ind1=" " ind2=" ">
   <subfield code="a">San Francisco, CA :</subfield>
   <subfield code="b">Morgan Kaufmann Publishers,</subfield>
   <subfield code="c">c2003.</subfield>
  </datafield>
  <datafield tag="300" ind1=" " ind2=" ">
   <subfield code="a">1 online resource (xxi, 441 p.) :</subfield>
   <subfield code="b">ill.</subfield>
  </datafield>
  <datafield tag="490" ind1="1" ind2=" ">
   <subfield code="a">The Morgan Kaufmann series in multimedia information and systems</subfield>
  </datafield>
  <datafield tag="504" ind1=" " ind2=" ">
   <subfield code="a">Includes bibliographical references and index.</subfield>
  </datafield>
  <datafield tag="505" ind1="0" ind2=" ">
   <subfield code="a">Front Cover; Bioinformatics: Managing Scientific Data; Copyright Page; Contents; Preface; Chapter 1. Introduction; Chapter 2. Challenges Faced in the Integration of Biological Information; Chapter 3. A Practitioner's Guide to Data Management and Data Integration in Bioinformatics; Chapter 4. Issues to Address While Designing a Biological Information System; Chapter 5. SRS: An Integration Platform for Databanks and Analysis Tools in Bioinformatics; Chapter 6. The Kleisli Query System as a Backbone for Bioinformatics Data Integration and Analysis</subfield>
  </datafield>
  <datafield tag="520" ind1=" " ind2=" ">
   <subfield code="a">Life science data integration and interoperability is one of the most challenging problems facing bioinformatics today. In the current age of the life sciences, investigators have to interpret many types of information from a variety of sources: lab instruments, public databases, gene expression profiles, raw sequence traces, single nucleotide polymorphisms, chemical screening data, proteomic data, putative metabolic pathway models, and many others. Unfortunately, scientists are not currently able to easily identify and access this information because of the variety of semantics, interfaces, a.</subfield>
  </datafield>
  <datafield tag="650" ind1=" " ind2="4">
   <subfield code="a">Bioinformatics.</subfield>
  </datafield>
  <datafield tag="650" ind1="1" ind2="4">
   <subfield code="a">Computational Biology</subfield>
   <subfield code="x">Methods.</subfield>
  </datafield>
  <datafield tag="650" ind1="1" ind2="4">
   <subfield code="a">Information systems.</subfield>
  </datafield>
  <datafield tag="650" ind1="1" ind2="4">
   <subfield code="a">Systems Integration.</subfield>
  </datafield>
  <datafield tag="650" ind1="2" ind2="4">
   <subfield code="a">Integrated Advanced Information Management Systems.</subfield>
  </datafield>
  <datafield tag="655" ind1=" " ind2="4">
   <subfield code="a">Electronic books.</subfield>
  </datafield>
  <datafield tag="700" ind1="1" ind2=" ">
   <subfield code="a">Lacroix, Zoe.</subfield>
  </datafield>
  <datafield tag="700" ind1="1" ind2=" ">
   <subfield code="a">Critchlow, Terence.</subfield>
  </datafield>
  <datafield tag="830" ind1=" " ind2="0">
   <subfield code="a">Morgan Kaufmann series in multimedia information and systems.</subfield>
  </datafield>
  <datafield tag="852" ind1=" " ind2=" ">
   <subfield code="a">INST</subfield>
   <subfield code="b">UNIPILB</subfield>
   <subfield code="c">EBOOKS</subfield>
   <subfield code="e">20140623</subfield>
   <subfield code="p">00b47581</subfield>
   <subfield code="q">00b47581</subfield>
   <subfield code="t">ONLINE</subfield>
   <subfield code="y">0</subfield>
  </datafield>
  <datafield tag="856" ind1="4" ind2="0">
   <subfield code="3">ScienceDirect</subfield>
   <subfield code="u">http://www.sciencedirect.com/science/book/9781558608290</subfield>
  </datafield>
  <datafield tag="856" ind1="4" ind2=" ">
   <subfield code="d">/webopac/covers/03/47581_9780080527987.jpg</subfield>
   <subfield code="z">(electronic bk.)</subfield>
  </datafield>
  <datafield tag="856" ind1="4" ind2=" ">
   <subfield code="d">/webopac/covers/03/47581_0080527981.jpg</subfield>
   <subfield code="z">(electronic bk.)</subfield>
  </datafield>
  <datafield tag="856" ind1="4" ind2=" ">
   <subfield code="d">/webopac/covers/03/47581_9781558608290.jpg</subfield>
  </datafield>
  <datafield tag="856" ind1="4" ind2=" ">
   <subfield code="d">/webopac/covers/03/47581_155860829X.jpg</subfield>
   <subfield code="z">(Trade Cloth)</subfield>
  </datafield>
 </record>
</collection>
